00506nam a2200145 a 450000100100000000500170001000800410002704000250006824500260009326000900011930000200020904900090022995201050023899900170034300002635520200930024525.0110315s19uu dr 000 0 spa d aDO-SdBNPbspacBNPHU00aLibros Dominicanos /. aCiudad Trujillo, República Dominicana :bEditorial Librería Dominicana,c[198-?]. a46 P. ;c21 cm. aBNPD 0010718PDaPDbPDcCTd2011-03-15iLF1l0o p26355-10r2020-06-25w2020-06-25yLFPDZNo se presta c25847d25847